Procedimientos civiles y criminales (Record no. 157204)

MARC details
000 -LEADER
campo de control de longitud fija 00817nam a2200193 i 4500
001 - NÚMERO DE CONTROL
campo de control 157204
003 - IDENTIFICADOR DE NÚMERO DE CONTROL
campo de control ES-MaACL
005 - FECHA Y HORA DE LA ÚLTIMA TRANSACCIÓN
campo de control 20250719062541.0
008 - DATOS DE LONGITUD FIJA--INFORMACIÓN GENERAL
campo de control de longitud fija 990119s1877 sp |||| | spa d
100 1# - ENTRADA PRINCIPAL--NOMBRE DE PERSONA
Nombre de persona Lastres y Juiz, Francisco,
Fechas asociadas al nombre 1848-1918
9 (RLIN) 70504
245 10 - MENCIÓN DEL TÍTULO
Título Procedimientos civiles y criminales
Resto del título : con arreglo a las últimas leyes y disposiciones vigentes ; seguidos de un Manual de formularios, para facilitar la aplicación de la teoría a la práctica forense /
Mención de responsabilidad, etc. por Francisco Lastres.
250 ## - MENCION DE EDICION
Mención de edición 5ª ed. corr. y aum.
260 ## - PUBLICACIÓN, DISTRIBUCIÓN, ETC.
Lugar de publicación, distribución, etc. Madrid :
Nombre del editor, distribuidor, etc. Librería de Victoriano Suarez,
Fecha de publicación, distribución, etc. 1877 (
Fabricante Imp. de Enrique Vicente)
300 ## - DESCRIPCIÓN FÍSICA
Extensión 440 p. ;
Dimensiones 20 cm.
597 ## - NOTA DE DESCRIPCIÓN FÍSICA
NOTA DE DESCRIPCIÓN FÍSICA Antep.
650 04 - PUNTO DE ACCESO ADICIONAL DE MATERIA--TÉRMINO DE MATERIA
Término de materia o nombre geográfico como elemento de entrada Derecho procesal-
Subdivisión geográfica España.
9 (RLIN) 11762
852 ## - LOCALIZACIÓN
Ubicación ES-MaACL
Número de control de estantería G-13897
Nota libre - Enc. hol.
Holdings
Estatus retirado Estado de pérdida Estado de daño No para préstamo Colección Biblioteca de origen Biblioteca actual Ubicación en estantería Fecha de adquisición Fuente de adquisición Total de préstamos Signatura topográfica completa Código de barras Visto por última vez Precio de reemplazo Tipo de ítem Koha
        Libros del s. XIX Biblioteca del Ateneo de Madrid Biblioteca del Ateneo de Madrid Sala Pecera Planta 3 17/01/2008     G-13897 1164498 23/02/2023 23/02/2023 Libro impreso antiguo